Nilai dan etika dalam perkhidmatan awam / (Record no. 252)

000 -LEADER
fixed length control field nam a22 a 4500
003 - CONTROL NUMBER IDENTIFIER
control field AKMAL
005 - DATE AND TIME OF LATEST TRANSACTION
control field 20170428085937.0
008 - FIXED-LENGTH DATA ELEMENTS--GENERAL INFORMATION
fixed length control field 170428s1991 my f00 may d
020 ## - INTERNATIONAL STANDARD BOOK NUMBER
International Standard Book Number 9679933113 (kkt.)
040 ## - CATALOGING SOURCE
Original cataloging agency AKMAL
082 04 - DEWEY DECIMAL CLASSIFICATION NUMBER
Classification number 172.209595 NIL
Edition number 21
090 00 - LOCALLY ASSIGNED LC-TYPE CALL NUMBER (OCLC); LOCAL CALL NUMBER (RLIN)
Classification number (OCLC) (R) ; Classification number, CALL (RLIN) (NR) 172.209595
Local cutter number (OCLC) ; Book number/undivided call number, CALL (RLIN) NIL
245 00 - TITLE STATEMENT
Title Nilai dan etika dalam perkhidmatan awam /
Statement of responsibility, etc. disunting oleh Mohd. Tap b. Salleh, Zakaria b. Ahmad, Syed Zulflida b. Syed Md. Noor
260 ## - PUBLICATION, DISTRIBUTION, ETC.
Place of publication, distribution, etc. Kuala Lumpur :
Name of publisher, distributor, etc. Institut Tadbiran Awam Negara ,
Date of publication, distribution, etc. 1991
300 ## - PHYSICAL DESCRIPTION
Extent xviii, 95ms. :
Other physical details il. wrn. ;
Dimensions 22cm
650 10 - SUBJECT ADDED ENTRY--TOPICAL TERM
Topical term or geographic name entry element Civil service ethics
Geographic subdivision Malaysia
9 (RLIN) 416
650 20 - SUBJECT ADDED ENTRY--TOPICAL TERM
Topical term or geographic name entry element Civil service
Geographic subdivision Malaysia
9 (RLIN) 420
700 0# - ADDED ENTRY--PERSONAL NAME
Personal name Mohd. Tap bin Salleh
9 (RLIN) 560
700 0# - ADDED ENTRY--PERSONAL NAME
Personal name Zakaria Ahmad
9 (RLIN) 561
700 0# - ADDED ENTRY--PERSONAL NAME
Personal name Syed Zulflida S. M. Noor
9 (RLIN) 562
710 2# - ADDED ENTRY--CORPORATE NAME
Corporate name or jurisdiction name as entry element Institut Tadbiran Awam Negara
9 (RLIN) 410
710 2# - ADDED ENTRY--CORPORATE NAME
Corporate name or jurisdiction name as entry element Jawatankuasa Penyediaan Buku Nilai dan Etika Dalam Perkhid matan Awam
9 (RLIN) 563
942 ## - ADDED ENTRY ELEMENTS (KOHA)
Source of classification or shelving scheme
Koha item type Book
Holdings
Withdrawn status Lost status Source of classification or shelving scheme Damaged status Not for loan Collection code Home library Current library Shelving location Date acquired Inventory number Total Checkouts Full call number Barcode Date last seen Price effective from Koha item type
          NON-FICTION AKMAL Melaka AKMAL Melaka PINJAMAN 28.04.2017 100564   172.209595 NIL 201700664 28.04.2017 28.04.2017 Book
          NON-FICTION AKMAL Melaka AKMAL Melaka PINJAMAN 28.04.2017 100563   172.209595 NIL 201700663 28.04.2017 28.04.2017 Book
          NON-FICTION AKMAL Melaka AKMAL Melaka PINJAMAN 28.04.2017 100615   172.209595 NIL 201701664 04.05.2017 28.04.2017 Book
Pusat Sumber Maklumat Dato' Haji Sarmin Md Hussin, Akademi Kastam Diraja Malaysia, Melaka
Tel: 06-2331106 | Faks: 06-2313787